000 00777nam a22002537a 4500
005 20170123162322.0
010 _aA-412154
020 _c00.00
035 _aA-412154
037 _bCen Lib/Ret
040 _aDPL
_bUR
082 _aن
_bط ه ا
100 _aطہ آفندی
_9108297
245 _aاونچی کھلاڑی /
_cطہ آفندی
246 _aOonche khiladi /
_bby Tah Afandi
260 _aںیی دہلی
_bپبلیکیشنز ڈیویسیونس
_c[s.n.]
270 _bںیی دہلی
_aپوسٹ باکس، ٧١٨٨
_e110002
300 _a173p.
_c22cm(Hb)
650 _a ادب - اردو
_9117874
650 _aاردو ناول
_9547
650 _aLiterature -- Urdu
_9117875
650 _aUrdu novel
_9117876
942 _2ddc
_cUR
_hن
_mط ه ا
999 _c107202
_d107202